Famous Patricks Quiz Stats

 Plays Quiz Updated Nov 30, 2018

Support Sporcle.
Go Orange.
Score 0/17 Timer 04:00
1 Play Today
Hint Answer % Correct
Star of 'Dirty Dancing' and 'Ghost'Patrick Swayze
90.9%
Patron Saint of IrelandSaint Patrick
78.5%
SpongeBob's best friendPatrick Star
63.1%
Star from 'Doogie Howser' and 'How I Met Your Mother'Neil Patrick Harris
62.3%
NBA star whose number 33 is retired by the KnicksPatrick Ewing
60.2%
Plays McDreamy on 'Grey's Anatomy'Patrick Dempsey
59.7%
Famously said 'Give me Liberty, or give me Death!'Patrick Henry
58.8%
Played Captain Jean-Luc Picard on 'Star Trek the Next Generation'Patrick Stewart
49.8%
Former broadcaster for ESPN's SportsCenterDan Patrick
44%
Hint Answer % Correct
NHL star whose number 33 is retired by both the Montreal Canadiens and Colorado AvalanchePatrick Roy
34.7%
Rookie of the Year for the Indianapolis 500 and the IndyCar Series season in 2005Danica Patrick
34%
Played Bobby Ewing on 'Dallas'Patrick Duffy
22%
NFL quarterback drafted 32nd overall in 2002 by the Washington RedskinsPatrick Ramsey
19.5%
Actor who played the T-1000 in 'Terminator 2: Judgment Day'Robert Patrick
10.4%
Star of the British television series 'The Prisoner'Patrick McGoohan
8.5%
Former U.S. Senator and ambassador to the United NationsDaniel Patrick Moynihan
5%
Author of 'Master and Commander'Patrick O'Brian
4.1%

From the Vault

Where Did It Happen III? (US History)

by El_Dandy

History 8m
This is a lot easier than the 'Where Will It Happen' quiz series, which requires predicting the future.
Remove Ads.
Support Sporcle.
Get the best of Sporcle when you Go Orange. This ad-free experience offers more features, more stats, and more fun while also helping to support Sporcle. Thank you for becoming a member.

Show Comments

Extras

Top Quizzes Today


Score Distribution

Your Account Isn't Verified!

In order to create a playlist on Sporcle, you need to verify the email address you used during registration. Go to your Sporcle Settings to finish the process.

Report this User

Report this user for behavior that violates our Community Guidelines.

Details: